Nopals, elegies de guerra : 1921 - 1922 / J. M. Prous i Vila 1921 - 1922 / J. M. Prous i Vila

por Prous i Vila, Josep M.

Publicado: Badalona : (Herma, A.G., S.A.), [1931]
Descripción Física: 92 p. ; 19 cm

MARC

LEADER 00000nam a2200000Ia 4500
001 11637
008 160829s9999 xx 000 0 cat d
080 |a L-1-119 
100 |a Prous i Vila, Josep M.  |9 46643 
245 |a Nopals, elegies de guerra :  |b  1921 - 1922 / J. M. Prous i Vila 
260 |a Badalona :  |b (Herma, A.G., S.A.), [1931] 
300 |a 92 p. ;  |c 19 cm 
590 |a Prové de 4161 
901 |a Arxiu 
942 |n 1 
952 |0 0  |1 0  |4 0  |6 L1119  |7 1  |9 54550  |a Arxiu  |b Arxiu  |d 2016-12-01  |l 0  |o L-1-119  |p 11637  |r 2016-12-01 00:00:00  |w 2016-12-01  |y ARXIU 
999 |c 58419  |d 58419